Boys' Names in Top 1000-Y (2023) - Statistics

General Stats
  • This quiz has been taken 90 times
  • The average score is 4 of 10
Answer Stats
Answer % Correct
Yosef
94%
Yousef
94%
Yusuf
94%
Yael
31%
Yahir
14%
Yaakov
10%
Yehuda
10%
Yadiel
8%
Yahya
6%
Yisroel
2%
No matching quizzes found
Score Distribution
Percent of People with Each Score
Percentile by Number Answered
Your Score History
You have not taken this quiz